| 000 | 00540nam a2200205 a 4500 | ||
|---|---|---|---|
| 001 | BRCA_5752 | ||
| 005 | 20190320205213.0 | ||
| 008 | 070311s1924----gw-a######---#000-0#ger-# | ||
| 041 | _ager | ||
| 044 | _agw | ||
| 050 | 4 |
_aTR145 _b.D38 _c1924 |
|
| 100 | 1 |
_aDavid, Ludwig. _914591 |
|
| 245 | 1 | 0 | _aPhotographisches Praktikum: Lehrbuch Der Photographie. |
| 260 |
_aHalle _bWilhelm Knapp _c1924 |
||
| 300 |
_a576 p. _bils., 8 láminas _c23 cm. |
||
| 500 | _aH66 | ||
| 650 | 1 | 4 |
_aFotografĂa _zAlemania _914592 |
| 902 | _aGFM | ||
| 942 |
_2lcc _cB |
||
| 999 |
_c5442 _d5442 |
||